| 000 | 01048nam a22002537a 4500 | ||
|---|---|---|---|
| 005 | 20150428143512.0 | ||
| 010 | _aENG-112426-427 | ||
| 020 |
_a9788180386770 (set of 2 vols.) _c3495.00 (set of 2 vols.) |
||
| 035 | _aEN-95958-959 | ||
| 037 | _bDBAD/PUB | ||
| 082 | _a347.54052 | ||
| 100 | _aMitra, Upendra Nath | ||
| 245 |
_aU N Mitra's law of limitation & prescription : _bby Upendra Nath Mitra _cthe most exhaustive and authoritative commentary on the Limitation Act, 1963 / |
||
| 250 | _a13th ed by S.A. Kader | ||
| 260 |
_aGurgaon _bLexisNexis _c2011 |
||
| 270 |
_a14th Floor, Building No.10, Tower-B, DLF Cyber City, Phase-II _bGurgaon _e122002 |
||
| 300 |
_a2V.(cdxx,1275,180p.; xcvi, 1277-2639,180p.) _c25cm(Hb) |
||
| 500 | _a Includes bibliographical references and index. | ||
| 505 | _av.1- Section 1 to 32 and Article 1 to 60 ; v.2- Article 61 to end | ||
| 650 |
_a Limitation of actions _zIndia. |
||
| 650 |
_aPrescription (Law) _zIndia. |
||
| 700 | _aKader, S.A. | ||
| 942 |
_2ddc _cEN _mMIT _h347.54052 |
||
| 999 |
_c92438 _d92438 |
||